000 00443 a2200157 4500
020 _a9781338152012 (pbk.)
020 _a1338152017 (pbk.)
041 _aspa
100 _aLiniers, Ricardo
245 _aEscrito y dibujado por Enriqueta: un libro toon / por Liniers
260 _aNew York : Scholastic, c2015
300 _a64 pages ; illus ;
_c23 cm
500 _aEnglish title: Written and Drawn by Henrietta
942 _cBK
952 _71
999 _c20932
_d20932